Counties by Letter: B - Statistics

General Stats
  • This quiz has been taken 56 times
  • The average score is 81 of 221
Answer Stats
State County % Correct
Florida | Michigan Bay
81%
Idaho Boise
71%
California | Idaho | South Dakota Butte
71%
Maryland Baltimore
67%
Kentucky | Texas Bell
67%
Colorado Bent
67%
Florida | Pennsylvania Bradford
67%
Pennsylvania | Tennessee | Virginia Bedford
62%
Arkansas | Indiana | Iowa | +6 others Benton
62%
Illinois | Indiana | Kansas | +6 others Brown
62%
Florida | Georgia | Oregon Baker
57%
North Dakota Benson
57%
North Dakota Billings
57%
Arkansas | Tennessee Bradley
57%
Nebraska | South Dakota | Wisconsin Buffalo
57%
New Jersey Burlington
57%
Idaho Bonner
52%
Arkansas | Illinois | Indiana | +5 others Boone
52%
Colorado Boulder
52%
Georgia | Oklahoma Bryan
52%
Michigan | Missouri Barry
48%
Oklahoma | Pennsylvania | Utah Beaver
48%
South Carolina | West Virginia Berkeley
48%
Virginia Bland
48%
Pennsylvania Bucks
48%
North Dakota Barnes
43%
Kentucky | Virginia Bath
43%
North Carolina | South Carolina Beaufort
43%
Texas Bee
43%
Pennsylvania Berks
43%
Massachusetts | Rhode Island | Virginia Bristol
43%
Georgia | Texas Brooks
43%
Iowa | Missouri | Virginia Buchanan
43%
Alabama | Iowa | Kansas | +5 others Butler
43%
Georgia Bacon
38%
Texas Bailey
38%
Alabama | Georgia Baldwin
38%
Georgia Barrow
38%
Kansas | Missouri Barton
38%
Arkansas Baxter
38%
Texas Baylor
38%
Vermont Bennington
38%
Alaska Bethel
38%
Texas Bexar
38%
Idaho | Montana | Nebraska | Oklahoma Blaine
38%
Georgia Brantley
38%
Florida Broward
38%
North Carolina | Virginia Brunswick
38%
North Carolina Buncombe
38%
Georgia Bartow
33%
Texas Bastrop
33%
Montana Beaverhead
33%
Ohio Belmont
33%
Pennsylvania Blair
33%
Idaho Bonneville
33%
Kansas | Kentucky Bourbon
33%
Texas Bowie
33%
Utah Box Elder
33%
Texas Brazoria
33%
Texas Brazos
33%
Texas Brewster
33%
New York Bronx
33%
Georgia Bulloch
33%
Georgia | North Carolina | North Dakota Burke
33%
Nebraska Burt
33%
Colorado Baca
29%
Texas Bandera
29%
Nebraska Banner
29%
Idaho Bannock
29%
South Carolina Barnwell
29%
South Dakota Bennett
29%
New Jersey Bergen
29%
Georgia | Michigan Berrien
29%
Alabama | Georgia Bibb
29%
Florida Brevard
29%
Kentucky Bullitt
29%
North Dakota Burleigh
29%
Texas Burnet
29%
South Carolina Bamberg
24%
Georgia Banks
24%
Michigan Baraga
24%
Massachusetts Barnstable
24%
Kentucky Barren
24%
Indiana Bartholomew
24%
Wisconsin Bayfield
24%
Louisiana Beauregard
24%
Minnesota Becker
24%
New Hampshire Belknap
24%
Minnesota Beltrami
24%
Georgia Ben Hill
24%
Michigan Benzie
24%
New Mexico Bernalillo
24%
Montana | Wyoming Big Horn
24%
Idaho Bingham
24%
North Carolina Bladen
24%
Minnesota Blue Earth
24%
Texas Borden
24%
Virginia Botetourt
24%
North Dakota Bottineau
24%
Idaho Boundary
24%
Kentucky | Nebraska Boyd
24%
Kentucky Boyle
24%
West Virginia Braxton
24%
South Dakota Brookings
24%
New York Broome
24%
Virginia Buckingham
24%
Illinois Bureau
24%
Texas Burleson
24%
Georgia Butts
24%
Missouri Bates
19%
Oklahoma Beckham
19%
Massachusetts Berkshire
19%
Indiana Blackford
19%
Iowa Black Hawk
19%
Texas Blanco
19%
Georgia Bleckley
19%
Texas Bosque
19%
North Dakota Bowman
19%
Nebraska Box Butte
19%
Kentucky Bracken
19%
Iowa | Virginia Buena Vista
19%
Kentucky Ballard
14%
Wisconsin Barron
14%
Idaho Bear Lake
14%
Idaho Benewah
14%
Tennessee Bledsoe
14%
Illinois Bond
14%
South Dakota Bon Homme
14%
Louisiana Bossier
14%
Michigan Branch
14%
Kentucky Breathitt
14%
Texas Briscoe
14%
Colorado Broomfield
14%
Alabama Bullock
14%
Alabama | West Virginia Barbour
10%
South Dakota Beadle
10%
North Carolina Bertie
10%
Louisiana Bienville
10%
Minnesota Big Stone
10%
Alabama | Tennessee Blount
10%
Mississippi Bolivar
10%
Kentucky Breckinridge
10%
Iowa Bremer
10%
Alaska Bristol Bay
10%
Montana Broadwater
10%
West Virginia Brooke
10%
South Dakota Brule
10%
Wisconsin Burnett
10%
Kansas Barber
5%
Missouri Bollinger
5%
No matching quizzes found
Score Distribution
Percent of People with Each Score
Percentile by Number Answered
Your Score History
You have not taken this quiz